| 000 | 01327cam a22003737a 4500 | ||
|---|---|---|---|
| 003 | CHAP | ||
| 005 | 20220329142430.0 | ||
| 008 | 010126d1998 mx r 00110 spa d | ||
| 010 | _a83362 | ||
| 011 | _a84334 | ||
| 020 | _a0306460211 | ||
| 035 | _a94854 | ||
| 040 | _cCHAP | ||
| 082 | 0 | 4 |
_a578.4 _bS5 |
| 100 | 0 | 0 |
_aSlavik, Jan _e, ed. _9106865 |
| 245 | 1 | 0 |
_aFluorescence microscopy and fluorescent probes _c/ed by Jan Slavik |
| 260 |
_aNew York, N.Y.: _bPlenum Press, _c1998. |
||
| 300 |
_a272 p. : _bgráfs. |
||
| 500 | _aLa biblioteca tiene : v.2 | ||
| 590 |
_aBATCH-UPD _b10 _c20130110 _lUCH01 _h0448 |
||
| 590 |
_aBATCH-UPD _b10 _c20130110 _lUCH01 _h2151 |
||
| 590 |
_aBATCH-UPD _b10 _c20130410 _lUCH01 _h0125 |
||
| 590 |
_aBATCH-UPD _b10 _c20130410 _lUCH01 _h1545 |
||
| 590 |
_aBATCH-UPD _b10 _c20130914 _lUCH01 _h1011 |
||
| 590 |
_aCONVERSION _b10 _c20130109 _lUCH01 _h1346 |
||
| 650 | 1 | 4 |
_aColorantes y coloración (Microscopía) _925474 |
| 650 | 1 | 4 |
_aFluorescencia. _941897 |
| 650 | 1 | 4 |
_aMicroscopio y microscopía _xTécnicas. _975538 |
| 711 | 0 |
_aConference on fluorescence microscopy and fluorescent probes _n(2 : _d1997 : _cPrage, Czech Republic) _926416 |
|
| 901 | _aBK | ||
| 905 | _aMayto Villalobos S. | ||
| 942 | _cLIBRO | ||
| 949 |
_a578.4 S5 _bBC _cLIBRO _d33724000800074 _eLIBRO _gI.205558 _h99498 _i94854 _so _t$1.270.00 |
||
| 999 |
_c83362 _d83362 |
||